| 000 | 00745nam a22002537a 4500 | ||
|---|---|---|---|
| 999 |
_c3907 _d3907 |
||
| 001 | 18538 | ||
| 003 | BD-DhUAP | ||
| 005 | 20200315121244.0 | ||
| 008 | 200315r20111999enk b 001 0 eng d | ||
| 020 | _a0415585708 | ||
| 020 | _a9780415585705 (pbk.) | ||
| 040 |
_aDLC _cDLC _dBD-DhUAP _bEng |
||
| 082 | 0 | 0 |
_223 _a401.41 GEE |
| 100 | 1 | _aGee, James Paul. | |
| 245 | 1 | 3 |
_aAn introduction to discourse analysis : _btheory and method / _cJames Paul Gee. |
| 250 | _a3rd ed. | ||
| 260 |
_aNew York : _bRoutledge, _cc2011. |
||
| 300 |
_a218 pages ; _c24 cm. |
||
| 500 | _aIncludes bibliographical references and index. | ||
| 650 | 0 | _aDiscourse analysis. | |
| 942 | 0 | 0 |
_01 _2ddc _cBK |